[Event "DSJ Weihnachtsturnier U16: Lasker 2020"]
[Site ""]
[Date "2020.12.28"]
[Round "3"]
[White "Wu, Luka"]
[Black "Hoffmann, Tom"]
[Result "0-1"]
[Termination "normal"]
[Board "1.3"]
[WhiteElo "2065"]
[BlackElo "1296"]
[WhiteTeam "OSG Baden-Baden"]
[BlackTeam "SC ML Kastellaun"]
[PlyCount "110"]
[WhiteFideId "12977420"]
[BlackFideId "16288726"]
[EventRounds "7"]
[EventType "team-swiss"]
[EventDate "2020.12.28"]

1. e4 {[%emt 0:00:03]} c5 {[%emt 0:00:18]} 2. Nf3 {[%emt 0:00:14]} d6 {[%emt
0:00:24]} 3. d4 {[%emt 0:00:02]} cxd4 {[%emt 0:00:05]} 4. Nxd4 {[%emt 0:00:00]}
Nf6 {[%emt 0:00:02]} 5. Nc3 {[%emt 0:00:02]} a6 {[%emt 0:00:03]} 6. Bg5 { [%emt
0:00:05]} e6 {[%emt 0:00:05]} 7. f4 {[%emt 0:00:26]} Be7 {[%emt 0:00:49]} 8.
Qf3 {[%emt 0:00:05]} e5 {[%emt 0:00:21]} 9. Nf5 {[%emt 0:00:56]} Bxf5 { [%emt
0:00:37]} 10. exf5 {[%emt 0:00:00]} Nc6 {[%emt 0:00:01]} 11. O-O-O { [%emt
0:00:53]} Nd4 {[%emt 0:00:36]} 12. Qd3 {[%emt 0:01:24]} O-O {[%emt 0:00:46]}
13. h3 {[%emt 0:01:34]} Rc8 {[%emt 0:01:21]} 14. Kb1 {[%emt 0:00:15]} Qa5
{[%emt 0:01:01]} 15. g4 {[%emt 0:00:35]} Rc7 {[%emt 0:00:59]} 16. Bxf6 { [%emt
0:00:57]} Bxf6 {[%emt 0:00:03]} 17. g5 {[%emt 0:00:05]} Rfc8 {[%emt 0:01:19]}
18. gxf6 {[%emt 0:01:13]} Rxc3 {[%emt 0:00:05]} 19. bxc3 {[%emt 0:00:17]} Rxc3
{[%emt 0:00:03]} 20. Qxc3 {[%emt 0:00:28]} Qxc3 {[%emt 0:00:03]} 21. Bd3 {
[%emt 0:00:00]} Qb4+ {[%emt 0:00:11]} 22. Kc1 {[%emt 0:00:03]} Nb5 {[%emt
0:00:08]} (22... gxf6) 23. Bxb5 {[%emt 0:00:05]} Qxf4+ {[%emt 0:00:02]} 24. Rd2
{ [%emt 0:00:05]} axb5 {[%emt 0:00:01]} 25. fxg7 {[%emt 0:00:01]} Kxg7 {[%emt
0:00:02]} 26. Rg1+ {[%emt 0:00:03]} Kf8 {[%emt 0:00:06]} 27. Rgd1 {[%emt
0:00:04] } Qxf5 {[%emt 0:00:13]} (27... d5 28. Kb1 d4) 28. Rxd6 {[%emt
0:00:01]} Qxh3 { [%emt 0:00:09]} 29. Rd8+ {[%emt 0:00:03]} Ke7 {[%emt 0:00:05]}
30. Rb8 { [%emt 0:00:04]} Qe3+ {[%emt 0:00:04]} 31. Kb1 {[%emt 0:00:01]} Qb6
{[%emt 0:00:12]} 32. Rh8 {[%emt 0:00:03]} h6 {[%emt 0:00:11]} 33. Rg8 {[%emt
0:00:05]} f5 { [%emt 0:00:11]} 34. Rg7+ {[%emt 0:00:03]} Kf6 {[%emt 0:00:04]}
35. Rgd7 { [%emt 0:00:05]} Qe3 {[%emt 0:00:05]} 36. Rxb7 {[%emt 0:00:10]} f4
{[%emt 0:00:01]} 37. Rxb5 {[%emt 0:00:04]} f3 {[%emt 0:00:02]} 38. Rb8 {[%emt
0:00:02]} Ke7 {[%emt 0:00:05]} 39. Rb7+ {[%emt 0:00:03]} Ke6 {[%emt 0:00:01]}
40. Rb8 { [%emt 0:00:05]} f2 {[%emt 0:00:05]} 41. Rf8 {[%emt 0:00:02]} Qe2
{[%emt 0:00:01]} 42. Rh1 {[%emt 0:00:02]} Qe1+ {[%emt 0:00:01]} 43. Rxe1 {[%emt
0:00:03]} fxe1=Q+ {[%emt 0:00:01]} 44. Kb2 {[%emt 0:00:01]} Qb4+ {[%emt
0:00:01]} 45. Kc1 {[%emt 0:00:01]} Qxf8 {[%emt 0:00:01]} 46. Kb2 {[%emt
0:00:00]} h5 {[%emt 0:00:00]} 47. a4 {[%emt 0:00:01]} h4 {[%emt 0:00:00]} 48.
a5 {[%emt 0:00:00]} Qb4+ { [%emt 0:00:02]} 49. Ka2 {[%emt 0:00:02]} Qxa5+
{[%emt 0:00:01]} 50. Kb2 { [%emt 0:00:00]} h3 {[%emt 0:00:01]} 51. Kb3 {[%emt
0:00:01]} h2 {[%emt 0:00:00] } 52. Kb2 {[%emt 0:00:01]} h1=Q {[%emt 0:00:01]}
53. Kb3 {[%emt 0:00:01]} Qf3+ {[%emt 0:00:01]} 54. Kb2 {[%emt 0:00:01]} Qfc3+
{[%emt 0:00:01]} 55. Kb1 { [%emt 0:00:01]} Qaa1# {[%emt 0:00:01] Mate 0-1} 0-1

[Event "DSJ Weihnachtsturnier U16: Lasker 2020"]
[Site ""]
[Date "2020.12.28"]
[Round "3"]
[White "Nedilko, Marko"]
[Black "Wu, Leon"]
[Result "0-1"]
[Termination "normal"]
[Board "1.4"]
[WhiteElo "1407"]
[BlackElo "1981"]
[WhiteTeam "SC ML Kastellaun"]
[BlackTeam "OSG Baden-Baden"]
[PlyCount "76"]
[WhiteFideId "16266560"]
[BlackFideId "12977438"]
[EventRounds "7"]
[EventType "team-swiss"]
[EventDate "2020.12.28"]

1. e4 {[%emt 0:00:14]} c5 {[%emt 0:00:15]} 2. Nf3 {[%emt 0:00:19]} d6 {[%emt
0:00:14]} 3. d4 {[%emt 0:00:04]} cxd4 {[%emt 0:00:02]} 4. Nxd4 {[%emt 0:00:08]}
Nf6 {[%emt 0:00:02]} 5. Nc3 {[%emt 0:00:13]} g6 {[%emt 0:00:04]} 6. Be3 {[%emt
0:00:13]} Bg7 {[%emt 0:00:03]} 7. Be2 {[%emt 0:00:11]} O-O {[%emt 0:00:12]} 8.
O-O {[%emt 0:00:17]} e5 {[%emt 0:00:32]} 9. Nf3 { [%emt 0:00:02]} a6 {[%emt
0:00:32]} 10. Bg5 {[%emt 0:00:34]} h6 {[%emt 0:00:08] } 11. Be3 {[%emt
0:00:10]} b5 {[%emt 0:00:03]} 12. a3 {[%emt 0:00:02]} Bb7 { [%emt 0:00:03]} 13.
Bd3 {[%emt 0:00:05]} Kh7 {[%emt 0:00:12]} 14. Qd2 {[%emt 0:00:07]} Ng4 {[%emt
0:00:06]} 15. h3 {[%emt 0:00:08]} Nxe3 {[%emt 0:00:01]} 16. Qxe3 {[%emt
0:00:01]} Nd7 {[%emt 0:00:06]} 17. b3 {[%emt 0:00:29]} Rc8 { [%emt 0:00:18]}
18. Nd5 {[%emt 0:00:09]} f5 {[%emt 0:00:10]} 19. a4 {[%emt 0:00:16]} bxa4
{[%emt 0:00:11]} 20. bxa4 {[%emt 0:00:05]} Nc5 {[%emt 0:00:06]} 21. Rab1 {[%emt
0:00:11]} Bxd5 {[%emt 0:00:23]} 22. exd5 {[%emt 0:00:04]} e4 { [%emt 0:00:01]}
23. Nd4 {[%emt 0:00:07]} exd3 {[%emt 0:00:04]} 24. cxd3 { [%emt 0:00:05]} Re8
{[%emt 0:00:41]} 25. Ne6 {[%emt 0:00:05]} Nxe6 {[%emt 0:00:18]} 26. dxe6 {[%emt
0:00:03]} f4 {[%emt 0:00:15]} 27. Qxf4 {[%emt 0:00:12]} Rxe6 {[%emt 0:00:09]}
28. Rfe1 {[%emt 0:00:50]} Rxe1+ {[%emt 0:00:10]} 29. Rxe1 {[%emt 0:00:06]} Qf6
{[%emt 0:00:03]} 30. Qe4 {[%emt 0:00:50]} Qe5 {[%emt 0:00:07]} 31. Qb4 {[%emt
0:00:19]} Rb8 {[%emt 0:00:19]} 32. Qd2 {[%emt 0:00:40]} Rb2 {[%emt 0:00:14]}
33. Qc1 {[%emt 0:00:16]} Rc2 {[%emt 0:00:09]} 34. Qd1 { [%emt 0:00:16]} Qc5
{[%emt 0:00:16]} 35. Qg4 {[%emt 0:00:27]} Qxf2+ {[%emt 0:00:05]} 36. Kh2 {[%emt
0:00:04]} Qxe1 {[%emt 0:00:13]} 37. Qd7 {[%emt 0:00:07]} Qe5+ {[%emt 0:00:05]}
38. Kh1 {[%emt 0:00:05]} Rc1# {[%emt 0:00:02]} 0-1

[Event "DSJ Weihnachtsturnier U16: Lasker 2020"]
[Site ""]
[Date "2020.12.28"]
[Round "3"]
[White "Pahl, Erik"]
[Black "Hommer, Jeremy"]
[Result "1-0"]
[Termination "normal"]
[Board "2.1"]
[WhiteElo "2110"]
[BlackElo "2180"]
[WhiteTeam "Delmenhorster SK V 1931"]
[BlackTeam "SC Turm Lüneburg"]
[PlyCount "187"]
[WhiteFideId "16201272"]
[BlackFideId "12992577"]
[EventRounds "7"]
[EventType "team-swiss"]
[EventDate "2020.12.28"]

1. e4 {[%emt 0:00:06]} c6 {[%emt 0:00:02]} 2. Nf3 {[%emt 0:00:12]} d5 {[%emt
0:00:02]} 3. Nc3 {[%emt 0:00:14]} dxe4 {[%emt 0:00:03]} 4. Nxe4 {[%emt
0:00:02]} Nf6 {[%emt 0:00:01]} 5. Qe2 {[%emt 0:00:01]} Nxe4 {[%emt 0:00:01]} 6.
Qxe4 { [%emt 0:00:00]} Qd5 {[%emt 0:00:01]} 7. Qf4 {[%emt 0:00:03]} Qf5 {[%emt
0:00:02]} 8. Qe3 {[%emt 0:00:02]} Qe6 {[%emt 0:00:01]} 9. b3 {[%emt 0:00:02]}
Qxe3+ {[%emt 0:00:12]} 10. fxe3 {[%emt 0:00:00]} Nd7 {[%emt 0:00:01]} 11. Bb2 {
[%emt 0:00:02]} Nf6 {[%emt 0:00:01]} 12. O-O-O {[%emt 0:00:27]} Bg4 {[%emt
0:00:04]} 13. Be2 {[%emt 0:00:14]} e6 {[%emt 0:00:11]} 14. h3 {[%emt 0:00:25]}
Bxf3 {[%emt 0:00:14]} 15. gxf3 {[%emt 0:00:07]} O-O-O {[%emt 0:00:02]} 16. f4 {
[%emt 0:00:02]} Rg8 {[%emt 0:00:06]} 17. Rhg1 {[%emt 0:00:06]} Nd7 {[%emt
0:00:29]} 18. Bd3 {[%emt 0:00:52]} g6 {[%emt 0:00:04]} 19. Rg2 {[%emt 0:00:02]}
Bg7 {[%emt 0:00:02]} 20. Be4 {[%emt 0:00:29]} Bxb2+ {[%emt 0:00:09]} 21. Kxb2 {
[%emt 0:00:00]} a5 {[%emt 0:00:17]} 22. d4 {[%emt 0:00:02]} f5 {[%emt 0:00:14]}
23. Bd3 {[%emt 0:00:14]} Nf6 {[%emt 0:00:02]} 24. Rdg1 {[%emt 0:00:20]} b6 {
[%emt 0:00:18]} 25. c4 {[%emt 0:00:35]} Rg7 {[%emt 0:00:04]} 26. Be2 {[%emt
0:00:06]} Rgd7 {[%emt 0:00:04]} 27. Bf3 {[%emt 0:00:31]} c5 {[%emt 0:00:06]}
28. dxc5 {[%emt 0:00:02]} bxc5 {[%emt 0:00:06]} 29. Kc2 {[%emt 0:00:13]} Rd3 {
[%emt 0:00:15]} 30. Re2 {[%emt 0:00:02]} R8d6 {[%emt 0:00:12]} 31. h4 {[%emt
0:00:03]} Nd7 {[%emt 0:00:42]} 32. h5 {[%emt 0:00:06]} e5 {[%emt 0:00:05]} 33.
hxg6 {[%emt 0:00:02]} hxg6 {[%emt 0:00:03]} 34. Bd5 {[%emt 0:00:02]} e4 { [%emt
0:00:07]} 35. Bf7 {[%emt 0:00:47]} Nf8 {[%emt 0:00:15]} 36. Bd5 {[%emt
0:00:02]} Kd7 {[%emt 0:00:14]} 37. Kb2 {[%emt 0:00:03]} Ke7 {[%emt 0:00:05]}
38. Ka3 {[%emt 0:00:03]} Nd7 {[%emt 0:00:05]} 39. Ka4 {[%emt 0:00:25]} Nb6+ {
[%emt 0:00:12]} 40. Kxa5 {[%emt 0:00:03]} Nxd5 {[%emt 0:00:02]} 41. cxd5 {
[%emt 0:00:01]} R3xd5 {[%emt 0:00:04]} 42. Kb5 {[%emt 0:00:01]} Rd2 {[%emt
0:00:35]} 43. Rgg2 {[%emt 0:00:05]} R2d5 {[%emt 0:00:20]} 44. Rc2 {[%emt
0:00:02] } Rd8 {[%emt 0:00:16]} 45. Rxc5 {[%emt 0:00:08]} Rb8+ {[%emt 0:00:02]}
46. Kc4 {[%emt 0:00:01]} Rd3 {[%emt 0:00:05]} 47. Re2 {[%emt 0:00:12]} Kd6
{[%emt 0:00:18]} 48. b4 {[%emt 0:00:13]} Ra8 {[%emt 0:00:05]} 49. Ra5 {[%emt
0:00:07]} Rc8+ {[%emt 0:00:09]} 50. Rc5 {[%emt 0:00:38]} Ra8 {[%emt 0:00:03]}
51. Rg2 { [%emt 0:00:04]} Rxe3 {[%emt 0:00:22]} 52. Rxg6+ {[%emt 0:00:02]} Kd7
{[%emt 0:00:08]} 53. Rxf5 {[%emt 0:00:03]} Rxa2 {[%emt 0:00:02]} 54. Rf7+
{[%emt 0:00:09]} Ke8 {[%emt 0:00:03]} 55. Rb7 {[%emt 0:00:04]} Kf8 {[%emt
0:00:15]} 56. Rh6 {[%emt 0:00:05]} Kg8 {[%emt 0:00:12]} 57. Re6 {[%emt
0:00:02]} Kf8 {[%emt 0:00:07]} 58. f5 {[%emt 0:00:11]} Rf3 {[%emt 0:00:13]} 59.
f6 {[%emt 0:00:17]} Ra8 { [%emt 0:00:22]} 60. Kd4 {[%emt 0:00:22]} e3 {[%emt
0:00:02]} 61. Ke4 {[%emt 0:00:12]} Rf1 {[%emt 0:00:08]} 62. Kd4 {[%emt
0:00:45]} e2 {[%emt 0:00:10]} 63. Rxe2 {[%emt 0:00:03]} Rxf6 {[%emt 0:00:01]}
64. Rh2 {[%emt 0:00:05]} Kg8 { [%emt 0:00:10]} 65. Rh5 {[%emt 0:00:01]} Rd8+
{[%emt 0:00:21]} 66. Kc5 { [%emt 0:00:02]} Rc8+ {[%emt 0:00:01]} 67. Kb5 {[%emt
0:00:01]} Rg6 {[%emt 0:00:06]} 68. Rc5 {[%emt 0:00:02]} Ra8 {[%emt 0:00:10]}
69. Rc6 {[%emt 0:00:04]} Rg5+ {[%emt 0:00:11]} 70. Kb6 {[%emt 0:00:02]} Kf8
{[%emt 0:00:05]} 71. Rh6 { [%emt 0:00:04]} Kg8 {[%emt 0:00:11]} 72. b5 {[%emt
0:00:03]} Rc8 {[%emt 0:00:25]} 73. Rc6 {[%emt 0:00:47]} Ra8 {[%emt 0:00:03]}
74. Rh6 {[%emt 0:00:10]} Rc8 {[%emt 0:00:02]} 75. Rc6 {[%emt 0:00:01]} Ra8
{[%emt 0:00:01]} 76. Rc4 { [%emt 0:00:06]} Rg6+ {[%emt 0:00:04]} 77. Kc5 {[%emt
0:00:01]} Rc8+ {[%emt 0:00:05]} 78. Kb4 {[%emt 0:00:01]} Ra8 {[%emt 0:00:06]}
79. b6 {[%emt 0:00:01]} Kf8 {[%emt 0:00:08]} 80. Kb5 {[%emt 0:00:01]} Kg8
{[%emt 0:00:11]} 81. Rc5 { [%emt 0:00:01]} Rf6 {[%emt 0:00:11]} 82. Rbc7 {[%emt
0:00:02]} Rg6 {[%emt 0:00:06]} 83. Rc8+ {[%emt 0:00:02]} Rxc8 {[%emt 0:00:06]}
84. Rxc8+ {[%emt 0:00:00]} Kf7 {[%emt 0:00:01]} 85. b7 {[%emt 0:00:00]} Rg5+
{[%emt 0:00:03]} 86. Kb6 { [%emt 0:00:02]} Rg6+ {[%emt 0:00:03]} 87. Ka7 {[%emt
0:00:01]} Rg1 {[%emt 0:00:04]} 88. b8=Q {[%emt 0:00:02]} Ra1+ {[%emt 0:00:01]}
89. Kb7 {[%emt 0:00:01]} Rb1+ {[%emt 0:00:01]} 90. Kc6 {[%emt 0:00:00]} Rc1+
{[%emt 0:00:01]} 91. Kd7 { [%emt 0:00:02]} Rd1+ {[%emt 0:00:01]} 92. Qd6 {[%emt
0:00:01]} Re1 {[%emt 0:00:05]} 93. Rf8+ {[%emt 0:00:03]} Kg7 {[%emt 0:00:02]}
94. Qf6+ {[%emt 0:00:00]} 1-0

[Event "DSJ Weihnachtsturnier U16: Lasker 2020"]
[Site ""]
[Date "2020.12.28"]
[Round "3"]
[White "Wusterack, Paul"]
[Black "Pahl, Theis"]
[Result "0-1"]
[Termination "normal"]
[Board "2.2"]
[WhiteElo "1649"]
[BlackElo "2123"]
[WhiteTeam "SC Turm Lüneburg"]
[BlackTeam "Delmenhorster SK V 1931"]
[PlyCount "58"]
[WhiteFideId "16255356"]
[BlackFideId "16201264"]
[EventRounds "7"]
[EventType "team-swiss"]
[EventDate "2020.12.28"]

1. e4 {[%emt 0:00:10]} c5 {[%emt 0:00:10]} 2. Nf3 {[%emt 0:00:10]} d6 {[%emt
0:00:16]} 3. d4 {[%emt 0:00:06]} cxd4 {[%emt 0:00:02]} 4. Nxd4 {[%emt 0:00:00]}
Nf6 {[%emt 0:00:03]} 5. Nc3 {[%emt 0:00:02]} a6 {[%emt 0:00:03]} 6. Be3 { [%emt
0:00:01]} e5 {[%emt 0:00:05]} 7. Nb3 {[%emt 0:00:02]} Be6 {[%emt 0:00:01] } 8.
f3 {[%emt 0:00:03]} h5 {[%emt 0:00:02]} 9. h4 {[%emt 0:00:11]} Nbd7 { [%emt
0:00:09]} 10. Be2 {[%emt 0:00:04]} b5 {[%emt 0:00:11]} 11. a3 {[%emt 0:00:29]}
Rc8 {[%emt 0:00:15]} 12. Qd2 {[%emt 0:00:08]} Nb6 {[%emt 0:00:18]} 13. Rd1
{[%emt 0:00:56]} Nc4 {[%emt 0:00:39]} 14. Bxc4 {[%emt 0:00:06]} Bxc4 { [%emt
0:00:02]} 15. Kf2 {[%emt 0:00:26]} Be7 {[%emt 0:00:04]} 16. Ne2 {[%emt
0:01:11]} O-O {[%emt 0:00:38]} 17. Ng3 {[%emt 0:00:14]} g6 {[%emt 0:00:10]} 18.
Ne2 {[%emt 0:00:28]} Nd7 {[%emt 0:00:38]} 19. g3 {[%emt 0:00:35]} f5 {[%emt
0:00:09]} 20. Kg2 {[%emt 0:00:46]} fxe4 {[%emt 0:00:17]} 21. fxe4 {[%emt
0:00:05] } Nf6 {[%emt 0:00:02]} 22. Nc3 {[%emt 0:00:21]} Ng4 {[%emt 0:00:36]}
23. Nc1 { [%emt 0:00:55]} Qd7 {[%emt 0:01:19]} 24. Nd3 {[%emt 0:00:15]} d5
{[%emt 0:00:55]} 25. exd5 {[%emt 0:00:29]} Bxd5+ {[%emt 0:00:02]} 26. Nxd5
{[%emt 0:00:03]} Qxd5+ {[%emt 0:00:03]} 27. Kh3 {[%emt 0:00:09]} Nxe3 {[%emt
0:00:49]} 28. Qxe3 {[%emt 0:00:05]} Rxc2 {[%emt 0:00:03]} 29. Rd2 {[%emt
0:00:20]} Qxh1+ {[%emt 0:00:14]} 0-1

[Event "DSJ Weihnachtsturnier U16: Lasker 2020"]
[Site ""]
[Date "2020.12.28"]
[Round "3"]
[White "Alhamid, Mohamad"]
[Black "Rennkamp, David"]
[Result "1-0"]
[Termination "normal"]
[Board "2.3"]
[WhiteElo "1664"]
[BlackElo "1371"]
[WhiteTeam "Delmenhorster SK V 1931"]
[BlackTeam "SC Turm Lüneburg"]
[PlyCount "99"]
[WhiteFideId "16235665"]
[BlackFideId "16249526"]
[EventRounds "7"]
[EventType "team-swiss"]
[EventDate "2020.12.28"]

1. e4 {[%emt 0:00:05]} e5 {[%emt 0:00:36]} 2. Bc4 {[%emt 0:00:02]} Nc6 { [%emt
0:00:05]} 3. Nf3 {[%emt 0:00:17]} Bc5 {[%emt 0:00:04]} 4. c3 {[%emt 0:00:11]}
Nf6 {[%emt 0:00:06]} 5. d4 {[%emt 0:00:03]} exd4 {[%emt 0:00:02]} 6. O-O {
[%emt 0:00:02]} dxc3 {[%emt 0:00:07]} 7. e5 {[%emt 0:00:05]} Ng8 {[%emt
0:00:29]} 8. Bxf7+ {[%emt 0:00:09]} Kxf7 {[%emt 0:00:06]} 9. Qd5+ {[%emt
0:00:11]} Ke8 {[%emt 0:00:10]} 10. Qxc5 {[%emt 0:00:07]} cxb2 {[%emt 0:00:25]}
11. Bxb2 { [%emt 0:00:05]} Qe7 {[%emt 0:00:12]} 12. Qe3 {[%emt 0:00:12]} Nh6
{[%emt 0:00:25]} 13. Nbd2 {[%emt 0:00:15]} Ng4 {[%emt 0:00:40]} 14. Qf4 {[%emt
0:00:07]} h5 {[%emt 0:00:32]} 15. h3 {[%emt 0:00:27]} Rf8 {[%emt 0:00:18]} 16.
Qg3 {[%emt 0:00:04]} Nh6 {[%emt 0:00:25]} 17. Rae1 {[%emt 0:00:23]} Nf5 {[%emt
0:00:16]} 18. Qg6+ {[%emt 0:00:12]} Kd8 {[%emt 0:00:27]} 19. Ne4 {[%emt
0:01:17]} Qe6 { [%emt 0:00:52]} 20. Qxe6 {[%emt 0:00:27]} dxe6 {[%emt 0:00:04]}
21. Rd1+ { [%emt 0:00:01]} Ke8 {[%emt 0:00:10]} 22. Nfg5 {[%emt 0:00:17]} b6
{[%emt 0:00:16]} 23. Rc1 {[%emt 0:00:18]} Bd7 {[%emt 0:00:22]} 24. Nxe6 {[%emt
0:00:13]} Bxe6 {[%emt 0:00:17]} 25. Rxc6 {[%emt 0:00:02]} Bxa2 {[%emt 0:00:04]}
26. Rxc7 {[%emt 0:00:13]} Rf7 {[%emt 0:00:11]} 27. Rfc1 {[%emt 0:00:39]} Kd8
{[%emt 0:00:16]} 28. Rxf7 {[%emt 0:00:52]} Bxf7 {[%emt 0:00:03]} 29. g4 {[%emt
0:00:01]} hxg4 {[%emt 0:00:06]} 30. hxg4 {[%emt 0:00:02]} Nh6 {[%emt 0:00:13]}
31. Nd6 { [%emt 0:00:10]} Kd7 {[%emt 0:00:16]} 32. Nxf7 {[%emt 0:00:05]} Nxf7
{[%emt 0:00:02]} 33. Rd1+ {[%emt 0:00:11]} Ke6 {[%emt 0:00:08]} 34. f4 {[%emt
0:00:01]} g6 {[%emt 0:00:06]} 35. Rc1 {[%emt 0:00:10]} Kd7 {[%emt 0:00:07]} 36.
Re1 { [%emt 0:00:09]} Ke6 {[%emt 0:00:12]} 37. Rc1 {[%emt 0:00:11]} Kd7 {[%emt
0:00:03]} 38. Kf2 {[%emt 0:00:01]} a5 {[%emt 0:00:04]} 39. Ke3 {[%emt 0:00:12]}
b5 { [%emt 0:00:07]} 40. Ke4 {[%emt 0:00:06]} b4 {[%emt 0:00:08]} 41. Rd1+
{[%emt 0:00:11]} Ke6 {[%emt 0:00:06]} 42. f5+ {[%emt 0:00:01]} gxf5+ {[%emt
0:00:02]} 43. gxf5+ {[%emt 0:00:00]} Ke7 {[%emt 0:00:07]} 44. e6 {[%emt
0:00:02]} Nd6+ { [%emt 0:00:16]} 45. Kf4 {[%emt 0:00:51]} a4 {[%emt 0:00:11]}
46. Be5 {[%emt 0:00:13]} Ra6 {[%emt 0:00:24]} 47. Rh1 {[%emt 0:00:56]} a3
{[%emt 0:00:10]} 48. Rh7+ {[%emt 0:00:03]} Ke8 {[%emt 0:00:07]} 49. f6 {[%emt
0:00:07]} a2 {[%emt 0:00:38]} 50. Rh8# {[%emt 0:00:02]} 1-0

[Event "DSJ Weihnachtsturnier U16: Lasker 2020"]
[Site ""]
[Date "2020.12.28"]
[Round "3"]
[White "Rennkamp, Johannes"]
[Black "Wander, Dennis"]
[Result "1-0"]
[Termination "normal"]
[Board "2.4"]
[WhiteElo "1603"]
[BlackElo "1595"]
[WhiteTeam "SC Turm Lüneburg"]
[BlackTeam "Delmenhorster SK V 1931"]
[PlyCount "113"]
[WhiteFideId "16268784"]
[BlackFideId "16276523"]
[EventRounds "7"]
[EventType "team-swiss"]
[EventDate "2020.12.28"]

1. d4 {[%emt 0:01:33]} d5 {[%emt 0:00:02]} 2. c4 { [%emt 0:00:10]} e5 {[%emt
0:00:02]} 3. dxe5 {[%emt 0:00:04]} d4 {[%emt 0:00:00] } 4. Nf3 {[%emt 0:00:03]}
Bb4+ {[%emt 0:00:04]} 5. Bd2 {[%emt 0:00:04]} Nc6 { [%emt 0:00:03]} 6. Bxb4
{[%emt 0:00:05]} Nxb4 {[%emt 0:00:02]} 7. Qa4+ { [%emt 0:00:02]} Nc6 {[%emt
0:00:03]} 8. Nbd2 {[%emt 0:00:28]} Nge7 {[%emt 0:00:05]} 9. Nb3 {[%emt
0:00:20]} O-O {[%emt 0:00:09]} 10. Rd1 {[%emt 0:00:10]} Bd7 {[%emt 0:00:15]}
11. Qa3 {[%emt 0:00:17]} Nf5 {[%emt 0:00:09]} 12. Nbxd4 { [%emt 0:00:16]} Nfxd4
{[%emt 0:00:05]} 13. Nxd4 {[%emt 0:00:03]} Nxe5 {[%emt 0:00:02]} 14. e3 {[%emt
0:00:19]} Re8 {[%emt 0:00:10]} 15. Be2 {[%emt 0:00:14]} Qg5 {[%emt 0:00:16]}
16. O-O {[%emt 0:00:10]} Bg4 {[%emt 0:00:04]} 17. Bxg4 { [%emt 0:00:04]} Qxg4
{[%emt 0:00:00]} 18. h3 {[%emt 0:00:11]} Qg6 {[%emt 0:00:04]} 19. Qc5 {[%emt
0:00:05]} Rac8 {[%emt 0:00:17]} 20. b4 {[%emt 0:00:37]} b6 {[%emt 0:00:07]} 21.
Qb5 {[%emt 0:00:11]} c6 {[%emt 0:00:07]} 22. Qa6 {[%emt 0:00:04]} c5 {[%emt
0:00:07] .} 23. bxc5 {[%emt 0:00:11]} bxc5 {[%emt 0:00:00] .} 24. Qxg6 {[%emt
0:00:10]} hxg6 {[%emt 0:00:04]} 25. Nb5 {[%emt 0:00:01] .} Nxc4 {[%emt 0:00:14]
.} 26. Rc1 {[%emt 0:00:11]} Ne5 {[%emt 0:00:09] .} 27. Nd6 { [%emt 0:00:08]}
Nd3 {[%emt 0:00:27] .} 28. Rcd1 {[%emt 0:00:03]} c4 {[%emt 0:00:01] .} 29. Nxe8
{[%emt 0:00:03]} Rxe8 {[%emt 0:00:02] .} 30. Rd2 {[%emt 0:00:09]} Rd8 {[%emt
0:00:10] .} 31. Rc2 {[%emt 0:00:09]} Rc8 {[%emt 0:00:06] .} 32. Rd1 {[%emt
0:00:08]} Kf8 {[%emt 0:00:15] .} 33. Rxd3 {[%emt 0:00:08]} cxd3 {[%emt 0:00:00]
.} 34. Rxc8+ {[%emt 0:00:01]} Ke7 {[%emt 0:00:02] .} 35. Rc3 { [%emt 0:00:03]}
d2 {[%emt 0:00:00] .} 36. Rd3 {[%emt 0:00:01] Delmen2-004 reconnected.
Delmen2-004 reconnected. Delmen2-004 reconnected.} Ke6 {[%emt 0:04:25]} 37.
Rxd2 {[%emt 0:00:13]} f5 {[%emt 0:00:05]} 38. Rb2 {[%emt 0:00:03]} g5 {[%emt
0:00:04]} 39. Rb7 {[%emt 0:00:02]} a5 {[%emt 0:00:03]} 40. Rxg7 { [%emt
0:00:03]} Kd5 {[%emt 0:00:01]} 41. Rxg5 {[%emt 0:00:02]} Kc4 {[%emt 0:00:01]}
42. Rxf5 {[%emt 0:00:01]} a4 {[%emt 0:00:01]} 43. Ra5 {[%emt 0:00:02]} Kb4
{[%emt 0:00:01]} 44. Rxa4+ {[%emt 0:00:03]} Kxa4 {[%emt 0:00:00]} 45. h4 {
[%emt 0:00:01]} Kb5 {[%emt 0:00:03]} 46. h5 {[%emt 0:00:01]} Kc6 {[%emt
0:00:00]} 47. h6 {[%emt 0:00:02]} Kb5 {[%emt 0:00:00]} 48. h7 {[%emt 0:00:01]}
Ka4 { [%emt 0:00:00]} 49. h8=Q {[%emt 0:00:01]} Ka3 {[%emt 0:00:00]} 50. g4
{[%emt 0:00:03]} Ka4 {[%emt 0:00:04]} 51. g5 {[%emt 0:00:01]} Kb5 {[%emt
0:00:02]} 52. g6 {[%emt 0:00:01]} Kc4 {[%emt 0:00:00]} 53. g7 {[%emt 0:00:01]}
Kd3 {[%emt 0:00:00]} 54. g8=Q {[%emt 0:00:05]} Ke2 {[%emt 0:00:01]} 55. Qc4+
{[%emt 0:00:03] } Kd2 {[%emt 0:00:05]} 56. Qb2+ {[%emt 0:00:03]} Kd1 {[%emt
0:00:01]} 57. Qcc1# {[%emt 0:00:01]} 1-0